000 00353 a2200121 4500
001 ART_39626
005 20260410161952.0
008 260409a
245 1 0 _aLa sociedad unipersonal
100 1 _aJunyent Bas, Francisco
700 1 _aFerrero, Facundo
773 0 _tTemas de derecho comercial
_g- Año 2, Nº 7 (jul. 2016)
_wREV28151
999 _c30474
_d30474